| 000 | 01028nam a22003017a 4500 | ||
|---|---|---|---|
| 001 | BR2019001565 | ||
| 003 | BR-BrBNA | ||
| 005 | 20230928105443.0 | ||
| 007 | ta | ||
| 008 | 230509b bl.||||| |||| 00| 0 por d | ||
| 020 | _a978-85-7318-198-2 | ||
| 040 |
_aBR-BrBNA _bpor _cBiblioteca Nacional de Agricultura |
||
| 041 | _a(Por) | ||
| 072 |
_aT10; D50; J15 _b2760 |
||
| 090 | _ 2760 BR2019001565 | ||
| 100 | 1 | _aCavalcante, T. (ed.) | |
| 110 | 1 |
_aInstituto Nacional de Câncer José Alencar Gomes da Silva, Rio de Janeiro, RJ (Brasil). Comissão Nacional para a Implementação da Convenção-Quadro para o Controle do Tabaco _96474 |
|
| 245 | 1 | _aConvenção-quadro para o controle do tabaco; diretrizes para implementação dos artigos 5.3, 8º, 11 e 13 | |
| 260 | 3 |
_aRio de Janeiro, RJ (Brasil): _c2011. |
|
| 300 | _a117 p. | ||
| 500 | _a37 ref. | ||
| 650 | _aFUMO | ||
| 650 | _aPROFILAXIA | ||
| 650 | _aDOENÇA RESPIRATÓRIA | ||
| 650 | _aLEGISLAÇÃO | ||
| 909 |
_a202309 _bLucia _c55 _dLucia Elande |
||
| 942 | _cBK | ||
| 999 |
_c85227 _d85227 |
||